| 000 | 00674nam a22001937a 4500 | ||
|---|---|---|---|
| 999 |
_c17132 _d17132 |
||
| 003 | AR-CdUCM | ||
| 008 | 190507b ||||| |||| 00| 0 spa d | ||
| 040 |
_aMUNICIPALIDAD PROVINCIAL DEL CUSCO _cBIBLIOTECA MUNICIPAL DEL CUSCO |
||
| 082 |
_a923.73 / _bF83 |
||
| 100 |
_aFlynn, John T. _936989 |
||
| 245 | _aEl mito de Roosevelt / | ||
| 260 |
_aBarcelona : _bMateu, _c1962. |
||
| 300 |
_a285 páginas ; _c20 cm. |
||
| 505 | _aLa familia del presidente -- Los hijos -- La esposa -- El presidente -- Ante la guerra -- La carta Atlántica -- Los hombres del presidente... | ||
| 650 |
_aBiografía. _922 |
||
| 650 |
_aRoosevelt. _936990 |
||
| 942 |
_2ddc _cLIBROS |
||
| 945 | _awfj | ||